[Event "Vienna Husek op-C"]
[Site "Vienna"]
[Date "2012.08.19"]
[Round "7"]
[White "Hirschvogl, Ewald"]
[Black "Strassmair, Christian"]
[Result "0-1"]
[WhiteElo "1482"]
[BlackElo "1527"]
[PlyCount "60"]
[EventDate "2012.08.13"]
[EventType "swiss"]
[EventRounds "7"]
[EventCountry "AUT"]
[SourceTitle "EXT 2014"]
[Source "ChessBase"]
[SourceDate "2013.11.20"]
[SourceVersion "1"]
[SourceVersionDate "2013.11.20"]
[SourceQuality "1"]

1. d4 d5 2. c4 e6 3. Nc3 Nf6 4. Nf3 c6 5. e3 Be7 6. cxd5 exd5 7. Bd3 Nbd7 8. 0-0 0-0 9. Bd2 Re8 10. Rc1 Nf8 11. Ne2 Qc7 12. Ng3 Bd6 13. h3 Bxg3 14. fxg3 Qxg3 15. Be1 Qd6 16. Ne5 N6d7 17. Nxf7 Qe7 18. Qf3 Qxe3+ 19. Qxe3 Rxe3 20. Rd1 h6 21. Bb4 Ne6 22. Kf2 Rxd3 23. Rxd3 Kxf7 24. Kg3+ Nf6 25. Bd6 Ng5 26. Be5 Bd7 27. Kh4 Kg6 28. Kg3 c5 29. Bxf6 Ne4+ 30. Kf4 Bb5 0-1